000 00666nam a2200205Ii 4500
003 JO-AjNU
008 230605s9999||||xx |||||||||||||| ||und||
040 _aJO-AjNU
_bara
_erda
_cJO-AjNU
041 _aara
050 1 4 _aPJ7541.M3 1978
100 3 _aتأليف مرجليوت، د.س؛ ترجمة يحيى الجبوري,
_eauthor
_918198
245 0 0 _aأصول الشعر العربي
250 _aط1
264 3 1 _aعمان: مؤسسة الرسالة، 1978
300 _a148ص
336 _atext
_btxt
_2rdacontent
337 _aunmediated
_bn
_2rdamedia
338 _avolume
_bnc
_2rdacarrier
650 4 _aالشعر العربي - تاريخ ونقد
_918199
999 _aA5774
_c9342
_d9342